000
00276nam a22001217a 4500
008
181224b xxu||||| |||| 00| 0 eng d
041
_a
eng
080
_a
821
100
_a
24
101
_a
GJU
245
_a
Reading To Laern In The Contest
_c
Judy.S.S
942
_2
udc
_c
BK
999
_c
53714
_d
53714